000
00322nam a22001337a 4500
008
170414b xxu||||| |||| 00| 0 eng d
020
_a
9780323045292
041
_a
eng
080
_2
4TH
_a
612.39
100
_a
10
101
_a
SHM
245
_a
FOUNDATIONS AND CLINICAL APPLICATIONS OF NUTRITION
_c
LONG
942
_2
udc
_c
BK
999
_c
10786
_d
10786